Company that produced Chelsea FC's Kits - Statistics

General Stats
  • This quiz has been taken 20 times
  • The average score is 4 of 5
Answer Stats
Years Answer % Correct
2006-2017 Adidas
100%
2017- Present Nike
100%
1970-1981 Umbro
83%
1987-2006 Umbro
83%
1981-1986 Le Coq Sportif
6%
No matching quizzes found
Score Distribution
Percent of People with Each Score
Percentile by Number Answered
Your Score History
You have not taken this quiz